000 01684cam a22002054a 4500
005 20250605164405.0
008 250528s ||||||||||||||||||||||||d
035 _a24805
040 _aGR-AtMCL
_bgre
_dGR-AtMCL
_eAACR2
245 1 _aAccounting for Business / Third Edition
260 _bButterworth Heinemann,
_c2001
300 _a534
520 _aAn ideal book for undergraduate students on business and accounting courses who need a comprehensive understanding on financial accounting. Preface, Introduction to Accounting, The Role of Accounting in Business Decision Making, The Main Accounting Reports, The Balance Sheet, The Profit and Loss Account - Nature and Purpose, The Profit and Loss Account - Form and Content, The Measurement of Profit - Depreciation, Measurement Problems - Stock Valuation, Profit Measurement - Bad and Doubtful Debts: The Conventions, Practical Accounting, Practical Accounting - Ledger Accounts, Ledger Accounts - Further Complications, Accounting Systems, Accounting for Companies: The Regulatory Framework, An Introduction to the Accounts of Limited Companies, Accounting for Companies, The Regulatory Framework, The Account of Groups of Companies, The Analysis and Interpretation of Accounts, The Cash Flow Statement, The Use of Financial Statements for Planning and Decision Making, The Analysis of Financial Statements, The Conventions and the Conceptual Framework, Measurement of Profit and Capital Maintenance, Answer to Self - Assessment Questions, Index.
700 1 _aAtrill Peter
_9129
700 1 _aHarvey David
_9116
700 1 _aMclaney Edward
_9130
942 _cBK
999 _c9650
_d9650